<?xml version="1.0" encoding="UTF-8"?>
<marc:record xmlns:marc="http://www.loc.gov/MARC21/slim">
   <marc:leader>00000nam a2200000 a 4500</marc:leader>
   <marc:datafield ind1="1" ind2=" " tag="100">
      <marc:subfield code="a">Link, Charlotte</marc:subfield>
      <marc:subfield code="4">aut</marc:subfield>
      <marc:subfield code="e">Verfasser/-in</marc:subfield>
   </marc:datafield>
   <marc:datafield ind1="1" ind2=" " tag="100">
      <marc:subfield code="a">Landgrebe, Gudrun</marc:subfield>
      <marc:subfield code="4">stl</marc:subfield>
      <marc:subfield code="e">Erzähler/-in</marc:subfield>
   </marc:datafield>
   <marc:datafield ind1="0" ind2="0" tag="245">
      <marc:subfield code="a">Sturmzeit - die Stunde der Erben</marc:subfield>
   </marc:datafield>
   <marc:datafield ind1="0" ind2="0" tag="245">
      <marc:subfield code="c">Charlotte Link ; gelesen von Gudrun Landgrebe</marc:subfield>
   </marc:datafield>
   <marc:datafield ind1=" " ind2="1" tag="264">
      <marc:subfield code="a">München</marc:subfield>
      <marc:subfield code="b">Random House Audio</marc:subfield>
      <marc:subfield code="c">2018</marc:subfield>
   </marc:datafield>
   <marc:datafield ind1="1" ind2=" " tag="520">
      <marc:subfield code="a">Angaben aus der Verlagsmeldung

Die Stunde der Erben / von Charlotte Link

Deutschland 1977. Alexandra Marty hat viel von ihrer Großmutter Felicia geerbt – nicht nur deren Familiensinn, sondern vor allem auch ihren Ehrgeiz und Freiheitsdrang. Aufgewachsen in den Jahren politischer Unruhen und Veränderungen ist Alexandra eine junge Frau ihrer Zeit, kühl und zärtlich, eigenwillig und anschmiegsam, träumerisch und mit einem ausgeprägten Blick für die Wirklichkeit. Doch als sie das große Erbe Felicias antritt und das Familienunternehmen übernimmt, begeht sie einen folgenschweren Fehler, durch den auf einmal alles auf dem Spiel steht. Ein Zurück in die behütete Idylle auf dem Gut der Familie kann es nicht geben, und Alexandra muss sich entscheiden, ob sie ihren ganz eigenen unabhängigen Weg gehen möchte ...

„Gudrun Landgrebes Stimme lässt einen nicht mehr los." Frau von heute

(1 MP3-CD, Laufzeit: ca. 7h)

</marc:subfield>
   </marc:datafield>
   <marc:datafield ind1=" " ind2=" " tag="020">
      <marc:subfield code="a">9783837141535</marc:subfield>
      <marc:subfield code="9">9783837141535</marc:subfield>
   </marc:datafield>
   <marc:datafield ind1=" " ind2=" " tag="020">
      <marc:subfield code="a">3837141535</marc:subfield>
      <marc:subfield code="9">3837141535</marc:subfield>
   </marc:datafield>
   <marc:datafield ind1=" " ind2=" " tag="041">
      <marc:subfield code="a">ger</marc:subfield>
   </marc:datafield>
   <marc:datafield ind1="0" ind2=" " tag="490">
      <marc:subfield code="v">0</marc:subfield>
   </marc:datafield>
   <marc:datafield ind1=" " ind2=" " tag="300">
      <marc:subfield code="a">1 CD</marc:subfield>
   </marc:datafield>
</marc:record>
